| Tag |
First Indicator |
Second Indicator |
Subfields |
| LEADER |
00000cam a2200000 a 4500 |
| 001 |
in00005505280 |
| 006 |
m o d |
| 007 |
cr gn||||||||| |
| 008 |
100401s1989 dcua ob 101 0 eng |
| 005 |
20241009195819.1 |
| 035 |
|
|
|a (OCoLC)ocn591238841
|
| 040 |
|
|
|a OKU
|b eng
|e pn
|c OKU
|d OKU
|d OCLCQ
|d OCLCF
|d OCL
|d OCLCQ
|d MUU
|d AUM
|d NOC
|d AU@
|d ACY
|d YOU
|d EYM
|d UKBTH
|d LIP
|d EBLCP
|d SINTU
|d COO
|d CASSC
|d YDX
|d OCLCQ
|d OCLCO
|d OCLCA
|d OCLCO
|d OCLCA
|d OCLCQ
|d OCL
|d OCLCO
|d OCLCQ
|d OCLCL
|
| 019 |
|
|
|a 436228316
|a 739701024
|a 780330361
|a 990738270
|a 1099348815
|a 1113014323
|
| 020 |
|
|
|a 9780841212602
|
| 020 |
|
|
|a 0841212600
|
| 020 |
|
|
|z 9780841209305
|q (ebook ;
|q v. 1)
|
| 020 |
|
|
|z 0841209308
|q (ebook ;
|q v. 1)
|
| 020 |
|
|
|z 0841216622
|
| 020 |
|
|
|z 9780841216624
|
| 035 |
|
|
|a (OCoLC)591238841
|z (OCoLC)436228316
|z (OCoLC)739701024
|z (OCoLC)780330361
|z (OCoLC)990738270
|z (OCoLC)1099348815
|z (OCoLC)1113014323
|
| 050 |
|
4 |
|a TP1122
|b .C652 1989
|
| 060 |
|
4 |
|a W26.55.C7
|b C738 1989
|
| 072 |
|
7 |
|a SCI
|x 013070
|2 bisacsh
|
| 082 |
0 |
4 |
|a 620.1/923
|2 23
|
| 084 |
|
|
|a TEC055000
|2 bisacsh
|
| 049 |
|
|
|a TXAM
|
| 245 |
0 |
0 |
|a Computer applications in applied polymer science II :
|b automation, modeling, and simulation : developed from a symposium sponsored by the Division of Polymeric Materials: Science and Engineering of the American Chemical Society at the Third Chemical Congress of North America (195th National Meeting of the American Chemical Society), Toronto, Ontario, Canada, June 5-11, 1988 /
|c Theodore Provder, editor.
|
| 246 |
3 |
|
|a Computer applications in applied polymer science 2
|
| 260 |
|
|
|a Washington, DC :
|b American Chemical Society,
|c 1989.
|
| 300 |
|
|
|a 1 online resource (xiv, 568 pages) :
|b illustrations
|
| 336 |
|
|
|a text
|b txt
|2 rdacontent
|
| 337 |
|
|
|a computer
|b c
|2 rdamedia
|
| 338 |
|
|
|a online resource
|b cr
|2 rdacarrier
|
| 490 |
1 |
|
|a ACS symposium series,
|x 0097-6156 ;
|v 404
|
| 504 |
|
|
|a Includes bibliographical references and indexes.
|
| 505 |
0 |
|
|a Computer applications in applied polymer science : where it is and where it's going / Mark E. Koehler -- Data management, analysis, and reporting alternatives for laboratory instrumentation / Tyson T. Gill -- Microcomputer programs for size exclusion chromatography / Brian Dickens and Frank L. McCrackin -- Role of intelligent robotics in materials evaluation / Gary L. Hagnauer and Suzanne G.W. Dunn -- Development of a fully automated tensile and flexure test system / Richard L. Scott and James K. Rieke -- Recursive techniques in property information retrieval and calculation for computer-aided formulation / R. Albrecht-Mallinger and E.H. Givens -- Expert system for selecting chemical protective clothing / L.H. Keith, M.T. Johnston, C.E. Hudak, M. Conoley, D.B. Walters, and A.T. Prokopetz -- Application of statistical experimental design to development of low-density polymer foams / Blanca L. Haendler, Lucy M. Hair, and Fung-Ming Kong -- Statistical analysis of coatings degradation by time-series methods / T.K. Rehfeldt -- Optimizing solvent recovery systems in polymer processes / M.J. Ahmed -- A molecular view of bulk deformation / Robert C. Cook -- Kinetic model for tensile deformation of polymers / Yves Termonia and Paul Smith -- Mathematical modeling of forming and performance of plastic materials / Arie Cohen and Jerry T. Seitz -- Modeling the effect of polymer rheology on the performance of underwater pelletizers / R.S. Dixit, L.D. Wilson, and M.D. Marks -- Relative energetics of diamino-, dihydroxy-, and difluorobenzenes / David A. Dixon -- Automated software for analyzing NMR spectra of polymers / Molly W. Crowther, John H. Begemann, and George C. Levy -- ¹³C-NMR analysis of multicomponent polymer systems / H.N. Cheng -- Calculating network structure using Miller-Macosko theory : networks with two cross-linking reactions / David R. Bauer -- Stochastic description of copolymerization and network formation in a six-component, three-stage process / Boudewyn J.R. Scholtens and Truus P.J.M. Tiemersma-Thoone -- Curing of polyurethane coatings : chemical and physical information processed in a mathematical model / L.G.J. van der Ven, J.H. van Dijk, and Ir. Old Testament de Vries -- Network formation in free-radical copolymerization : pseudo kinetic rate constant method for copolymers with long branches / H. Tobita and A.E. Hamielec -- Optimization of manufacture of filament wound composites using finite element analysis / H.J. Buck and R.P. Shirtum -- Versatile finite element code for polymer and composite processing / David Roylance, Leroy Chiao, and Paul McElroy -- Applications of Monte Carlo methods to sequence distributions in polymers / T.A. Duever, K.F. O'Driscoll, and P.M. Reilly -- Prediction of copolymerization conversion from reactor head-space vapor composition / M.J. Ahmed and D.E. Mackey -- Modeling and computer simulation of a free-radical polymerization finishing process / Fred C. Stone -- Optimization of a batch polymerization reactor at the final stage of conversion / K.F. O'Driscoll, S.R. Ponnuswamy, and A. Penlidis -- Mathematical modeling of bulk and solution polymerization in a tubular reactor / Carl J. Stevens and W. Harmon Ray -- Mathematical modeling of emulsion copolymerization reactors / John P. Congalidis, John R. Richards, and Robert G. Gilbert -- Detailed modeling of multicomponent emulsion polymerization systems / G. Storti, M. Morbidelli, and S. Carrà -- Evaluation and analysis of a multisite kinetic model for polymerization initiated with supported Ziegler-Natta catalysts / C.C. Hsu, J.J.A. Dusseault, and M.F. Cunningham -- Predicting rates of decomposition of free-radical initiators : azo compounds, peresters, and hydrocarbons / Richard A. Wolf -- Application of a modified accelerating rate calorimeter to decomposition kinetic studies / Alexander N. Kalos -- Measurement and control hardware for laboratory-scale resin preparations / Chris Cassin -- Computer data logged pilot-plant reactors : design philosophy and use / J. Bentley and Place of publication not identified Barker -- Computer-based laboratory for developing practical automated feedback control systems for batch polymerizations / G.M. Schwab -- Application of time-series analysis to temperature control of semi-batch reactors / E.P. Dougherty, P.H. Westkaemper, and R.S. Wu -- Modeling and optimization of extruder temperature control / P. Kip Mercure and Ron Trainor -- Reactive extrusion of polypropylene : elucidating degradation kinetics / R. Lew, P. Cheung, and S.T. Balke -- Finite element modeling of polymer flow and heat transfer in processing equipment / C.G. Dumas and R.S. Dixit -- Filament winding : numerical control / D.A. Riepe, S.J. Osten, and D.C. Timm.
|
| 588 |
0 |
|
|a Print version record.
|
| 546 |
|
|
|a English.
|
| 650 |
|
0 |
|a Plastics
|x Data processing
|v Congresses.
|
| 650 |
|
0 |
|a Coatings
|x Data processing
|v Congresses.
|
| 650 |
|
0 |
|a Personal protective equipment.
|
| 650 |
|
0 |
|a Chemical engineering.
|
| 650 |
|
0 |
|a Expert systems (Computer science)
|
| 650 |
|
0 |
|a Rheology (Biology)
|
| 650 |
|
2 |
|a Electronic Data Processing
|
| 650 |
|
2 |
|a Plastics
|x chemistry
|
| 650 |
|
2 |
|a Chromatography
|x instrumentation
|
| 650 |
|
2 |
|a Artificial Intelligence
|x statistics & numerical data
|
| 650 |
|
2 |
|a Tensile Strength
|
| 650 |
|
2 |
|a Stress, Mechanical
|
| 650 |
|
2 |
|a Information Storage and Retrieval
|
| 650 |
|
2 |
|a Protective Clothing
|
| 650 |
|
2 |
|a Safety Management
|
| 650 |
|
2 |
|a Chemical Engineering
|
| 650 |
|
2 |
|a Chemical Engineering
|x instrumentation
|
| 650 |
|
2 |
|a Expert Systems
|
| 650 |
|
2 |
|a Research Design
|
| 650 |
|
2 |
|a Polymers
|x chemistry
|
| 650 |
|
2 |
|a Solvents
|x chemistry
|
| 650 |
|
2 |
|a Polymerization
|
| 650 |
|
2 |
|a Chemical Phenomena
|
| 650 |
|
2 |
|a Rheology
|
| 650 |
|
2 |
|a Benzene
|x chemistry
|
| 650 |
|
2 |
|a Polyurethanes
|x chemistry
|
| 650 |
|
2 |
|a Free Radicals
|x chemistry
|
| 650 |
|
2 |
|a Catalysts
|x chemistry
|
| 650 |
|
2 |
|a Azo Compounds
|x chemistry
|
| 650 |
|
2 |
|a Hydrocarbons
|x chemistry
|
| 650 |
|
2 |
|a Polypropylenes
|x chemistry
|
| 650 |
|
6 |
|a Matières plastiques
|x Informatique
|v Congrès.
|
| 650 |
|
6 |
|a Revêtements
|x Informatique
|v Congrès.
|
| 650 |
|
6 |
|a Informatique.
|
| 650 |
|
6 |
|a Résistance à la traction.
|
| 650 |
|
6 |
|a Vêtements de protection.
|
| 650 |
|
6 |
|a Génie chimique.
|
| 650 |
|
6 |
|a Systèmes experts (Informatique)
|
| 650 |
|
6 |
|a Rhéologie (Biologie)
|
| 650 |
|
7 |
|a tensile strength.
|2 aat
|
| 650 |
|
7 |
|a protective wear.
|2 aat
|
| 650 |
|
7 |
|a chemical engineering.
|2 aat
|
| 650 |
|
7 |
|a SCIENCE
|x Chemistry
|x Computational & Molecular Modeling.
|2 bisacsh
|
| 650 |
|
7 |
|a Rheology (Biology)
|2 fast
|
| 650 |
|
7 |
|a Personal protective equipment
|2 fast
|
| 650 |
|
7 |
|a Expert systems (Computer science)
|2 fast
|
| 650 |
|
7 |
|a Chemical engineering
|2 fast
|
| 650 |
|
7 |
|a Coatings
|x Data processing
|2 fast
|
| 650 |
|
7 |
|a Plastics
|x Data processing
|2 fast
|
| 655 |
|
7 |
|a Electronic books.
|2 local
|
| 655 |
|
7 |
|a Conference papers and proceedings
|2 fast
|
| 700 |
1 |
|
|a Provder, Theodore,
|d 1939-
|
| 710 |
2 |
|
|a American Chemical Society.
|b Division of Polymeric Materials: Science and Engineering.
|
| 710 |
2 |
|
|a American Chemical Society.
|b Meeting
|n (195th :
|d 1988 :
|c Toronto, Ont.)
|
| 711 |
2 |
|
|a Chemical Congress of North America
|n (3rd :
|d 1988 :
|c Toronto, Ont.)
|
| 758 |
|
|
|i has work:
|a Computer applications in applied polymer science II (Text)
|1 https://id.oclc.org/worldcat/entity/E39PCFxrJqvRbmG8Y8QmPYTTH3
|4 https://id.oclc.org/worldcat/ontology/hasWork
|
| 776 |
0 |
8 |
|i Print version:
|t Computer applications in applied polymer science II.
|d Washington, DC : American Chemical Society, 1989
|z 0841216622
|w (DLC) 89017602
|w (OCoLC)20133998
|
| 830 |
|
0 |
|a ACS symposium series ;
|v 404.
|
| 856 |
4 |
0 |
|u http://proxy.library.tamu.edu/login?url=https://pubs.acs.org/doi/book/10.1021/bk-1982-0197
|z Connect to the full text of this electronic book
|t 0
|
| 856 |
4 |
0 |
|u http://proxy.library.tamu.edu/login?url=https://pubs.acs.org/doi/book/10.1021/bk-1989-0404
|z Connect to the full text of this electronic book
|t 0
|
| 955 |
|
|
|a ASC eBooks Complete Collection
|
| 994 |
|
|
|a 92
|b TXA
|
| 999 |
f |
f |
|s 1f8b4d6d-925a-4e38-a48f-0a0666703d32
|i 7c0ebb4f-28f5-4ccd-8852-898e8321459d
|t 0
|
| 952 |
f |
f |
|a Texas A&M University
|b College Station
|c Electronic Resources
|d Available Online
|t 0
|e TP1122 .C652 1989
|h Library of Congress classification
|
| 998 |
f |
f |
|a TP1122 .C652 1989
|t 0
|l Available Online
|